| 000 | 00452nam a2200157 a 4500 | ||
|---|---|---|---|
| 020 | _a0710300336 (pbk) | ||
| 082 |
_a297.446 _bQUA _cL31,P-49 |
||
| 100 | 1 |
_aAbul Quasem, Muhammad _937438 |
|
| 245 | 1 | _aSalvation of the soul and Islamic devotions | |
| 260 |
_aLondon: _bKegal Paul , _c1983 |
||
| 300 | _a289p. | ||
| 526 |
_a0 _b0 _c0 _d297_446000000000000_QUA |
||
| 650 | 0 |
_aIslam -- Customs and Practices _937439 |
|
| 650 | 0 |
_aMCE _9379 |
|
| 942 |
_2ddc _cBK |
||
| 999 |
_c542298 _d542298 |
||